वेदों में मानव अधिकार (Record no. 1848577)

MARC details
000 -LEADER
fixed length control field 02108nam a22003497a 4500
005 - DATE AND TIME OF LATEST TRANSACTION
control field 20260427172705.0
008 - FIXED-LENGTH DATA ELEMENTS--GENERAL INFORMATION
fixed length control field 260427b |||||||| |||| 00| 0 eng d
020 ## - INTERNATIONAL STANDARD BOOK NUMBER
International Standard Book Number 9789348530004 (pbk) (खण्ड 1 )
020 ## - INTERNATIONAL STANDARD BOOK NUMBER
International Standard Book Number 9789349686137 (pbk) (खण्ड 2)
020 ## - INTERNATIONAL STANDARD BOOK NUMBER
International Standard Book Number 9789349686267 (pbk) (खण्ड 4)
020 ## - INTERNATIONAL STANDARD BOOK NUMBER
International Standard Book Number 9789371437486 (pbk) (खण्ड 5)
040 ## - CATALOGING SOURCE
Original cataloging agency CRL
Transcribing agency CRL
041 ## - LANGUAGE CODE
Source of code hin
Language code of text/sound track or separate title hin
084 ## - COLON CLASSIFICATION NUMBER
Classification number Q1 R5.1-.5 (RR)
Assigning agency CRL
100 ## - MAIN ENTRY--PERSONAL NAME
Personal name सिंह, प्रेम
9 (RLIN) 1235469
245 ## - TITLE STATEMENT
Title वेदों में मानव अधिकार
260 ## - PUBLICATION, DISTRIBUTION, ETC.
Place of publication, distribution, etc. पलवल, भारत:
Name of publisher, distributor, etc. चायरेन पब्लिकेशन्स,
Date of publication, distribution, etc. 2025.
300 ## - PHYSICAL DESCRIPTION
Extent खण्ड 1 (xxxiv, 1-201पृ.)
-- खण्ड 2 (xxiv, 1-338पृ)
-- खण्ड 4 (xxi, 1-186पृ.)
-- खण्ड 5 (xvi, 237पृ.)
365 ## - TRADE PRICE
Price amount खण्ड 1 - 550.00
Currency code INR
365 ## - TRADE PRICE
Price amount खण्ड 2 - 550.00
Currency code INR
365 ## - TRADE PRICE
Price amount खण्ड 4 - 550.00
Currency code INR
365 ## - TRADE PRICE
Price amount खण्ड 5 - 550.00
Currency code INR
490 ## - SERIES STATEMENT
Series statement खण्ड 1 - वेदों में सामाजिक अधिकार
-- खण्ड 2 - वेदों में राजनीतिक अधिकार
-- खण्ड 4 - वेदों में आर्थिक अधिकार
-- खण्ड 5 - वेदों में शैक्षिणिक अधिकार
650 ## - SUBJECT ADDED ENTRY--TOPICAL TERM
Topical term or geographic name entry element धर्म
650 ## - SUBJECT ADDED ENTRY--TOPICAL TERM
Topical term or geographic name entry element वेद
942 ## - ADDED ENTRY ELEMENTS (KOHA)
Source of classification or shelving scheme Colon Classification (CC)
Koha item type Reference
Classification part Q1 R5.1-.5 (RR)
Suppress in OPAC No
Holdings
Withdrawn status Lost status Source of classification or shelving scheme Damaged status Not for loan Home library Current library Date acquired Source of acquisition Cost, normal purchase price Serial Enumeration / chronology Inventory number Total Checkouts Full call number Barcode Date last seen Price effective from Koha item type
    Colon Classification (CC)     Central Library Central Library 2026-04-27 वी. सी. ऑफिस 550.00 खण्ड 1 - वेदों में सामाजिक अधिकार गिफ्ट   Q1 152R5.1 CL1700230 2026-04-27 2026-04-27 Reference
    Colon Classification (CC)     Central Library Central Library 2026-04-27 वी. सी. ऑफिस 550.00 खण्ड 2 - वेदों में राजनीतिक अधिकार गिफ्ट   Q1 152R5.2 CL1700243 2026-04-27 2026-04-27 Reference
    Colon Classification (CC)     Central Library Central Library 2026-04-27 वी. सी. ऑफिस 550.00 खण्ड 4 - वेदों में आर्थिक अधिकार गिफ्ट   Q1 152R5.4 CL1700241 2026-04-27 2026-04-27 Reference
    Colon Classification (CC)     Central Library Central Library 2026-04-27 वी. सी. ऑफिस 550.00 खण्ड 5 - वेदों में शैक्षिणिक अधिकार गिफ्ट   Q1 152R5.5 CL1700242 2026-04-27 2026-04-27 Reference
Copyright @ Delhi University Library System